1744 1272 1753 1697 1538 1077 1281 1812 1445 1498 1155 1409 1485 1713 1290 1355 1596 1993 1354 1146 1108 1005 1005 1020 1174 1035 1993 1117 1715 1639 1496 1038 1621 1441 1720 1868 1812 1217 1690 1267 1756 1193 1748 1226 1141 1468 1860 1730 1537 1455 1759 1085 1196 1387 1540 1751 1958 1044 1255 1167 1137 1034 1141 1477 1934 1936 1255 1263 1323 1338 1304 1159 1033 1967 1475 1685 1769 1609 1482 1589 1016 1108 1546 1724 1021 1733 1151 1588 1095 1473 1688 1182 1877 1366 1876 1775 1480 1164 1255 BCNSPRNW ULIB Ver.6.0+V

เปลี่ยนเป็นภาษาไทย

Change to English
 แสดงรายละเอียดบรรณานุกรม
  กลับหน้าหลัก

Brief Record : Get Marc (ISO 2709) : E-mail record : QR code < ปิดหน้าต่าง
LEADER : 00000nam 2200000uu 4500
001    13399126018
003     ULIB
008    180503s2556||||th 000 0 tha d
020    ^a9786162791406
060  4 ^aWY161^bก773ส ล.1
100 0  ^aเกศรินทร์ อุทริยะประสิทธิ์
245 00 ^aสาระหลักทางการพยาบาลศัลยศาสตร์เล่ม 1/^cเกศรินทร์ อุทริยะประสิทธิ์
250    ^aพิมพ์ครั้งที่ 3(ฉบับปรับปรุง)
260    ^aกรุงเทพฯ:^bโรงพิมพ์วัฒนาการพิมพ์,^c2556
300    ^a202 หน้า :^c26ซม.
650  0 ^aการพยาบาลศัลยศาสตร์
650  0 ^aศัลยศาสตร์^xการพยาบาล
700 0  ^aปรางทิพย์ ฉายพุทธ
700 0  ^aวัลย์ลดา ฉันท์เรืองวณิชย์
945    ^p200^l0^i003464
945    ^p200^l0^i003465
999    ^aประนอม เกษจรัล
รายการนี้ยังไม่มีแท็ก
คุณยังไม่ได้ล็อกอิน คุณสามารถมีกิจกรรมร่วมกับเว็บไซต์ได้ แต่ต้องล็อกอินก่อน ::
  ล็อกอิน

รายการสื่อสารสนเทศ

ลำดับที่ ประเภท เลขเรียก/บาร์โค้ด สถานที่ สถานะ
1. หนังสือสำรอง
หนังสือสำรอง
WY161 ก773ส ล.1 ฉ.1 
  Barcode: 003464
ห้องสมุดวิทยาเขตสวรรค์ประชารักษ์
►ส่วนจัดเก็บหนังสือเก่า สปร
บนชั้น
  ขอยืม
2. วิทยาศาสตร์การแพทย์ และสุขภาพ
วิทยาศาสตร์การแพทย์ และสุขภาพ
WY161 ก773ส ล.1 ฉ.2 
  Barcode: 003465
ห้องสมุดวิทยาเขตสวรรค์ประชารักษ์
►ส่วนจัดเก็บหนังสือเก่า สปร
บนชั้น
  ขอยืม

รายการใกล้เคียง
    ผู้แต่ง [เกศรินทร์ อุทริยะประสิทธิ์]

    หัวเรื่อง [การพยาบาลศัลยศาสตร์]
    หัวเรื่อง [ศัลยศาสตร์ การพยาบาล]

BibComment


ยังไม่เคยถูกคอมเมนท์

คอมเมนท์ทรัพยากรรายการนี้
  คอมเมนท์: สาระหลักทางการพย..


 Copyright 2026. Bcnsprnw @Library